000 00599nam a22002177a 4500
999 _c10045
_d10045
001 10045
003 BD-JhCC
005 20190509095443.0
008 180404s1966 nyup|||| |||| 00| 0 eng d
035 _a(BD-JhCC) 10045
040 _aBD-JhCC
_dBD-JhCC
041 _aeng
082 _a947.083092
_bROB 1966
100 _aRoberts, Elizabeth Mauchline
245 _aLenin and The Downfall of Tsarist Russia
_b Elizabeth Mauchline Roberts
260 _aLondon :
_bMethuen's Outlines
_c1966
300 _a99 p:
_bill
_c21 cm
650 _aRevolution
_zRussia
942 _2ddc
_cBK